Úloha distribučných centier v podmienkach globalizácie obchodovania dizertačná práca

Salvato in:
Dettagli Bibliografici
Autore principale: Oláh, Ľuboš
Ente Autore: Obchodná fakulta EU. Katedra marketingu
Altri autori: Daňo, Ferdinand, 1959-
Natura: Libro
Lingua:slovacco
Pubblicazione: Bratislava 2013
Soggetti:
Tags: Aggiungi Tag
Nessun Tag, puoi essere il primo ad aggiungerne!!

MARC

LEADER 00000nbm a2200000 4500
001 0179136
005 20240502073037.6
041 0 |a slo 
044 |a SK 
245 1 0 |a Úloha distribučných centier v podmienkach globalizácie obchodovania  |b dizertačná práca  |c Ľuboš Oláh ; školiteľ: Ferdinand Daňo 
264 1 |a Bratislava  |c 2013 
300 |a 154 s. 
610 2 0 |a centrá logistické 
610 2 0 |a distribúcia 
610 2 0 |a logistika 
100 1 |a Oláh, Ľuboš 
700 1 |a Daňo, Ferdinand, 1959- 
710 2 |a Obchodná fakulta EU. Katedra marketingu